Intervenciones de Daniel Oduber Quirós e Israel Márquez /

Guardado en:
Bibliografiske detaljer
Hovedforfatter: Oduber Quirós, Daniel
Andre forfattere: Márquez, Israel
Format: Texto
Udgivet: Heredia: CEDAL
Fag:
Tags: Tilføj Tag
Ingen Tags, Vær først til at tagge denne postø!

MARC

LEADER 00000 a a2200000 04500
001 15494
003
040
090 |a 019200  
100 |a Oduber Quirós, Daniel  
245 |a Intervenciones de Daniel Oduber Quirós e Israel Márquez /  |c Daniel Oduber Quirós 
260 |a Heredia:   |b CEDAL  
300 |a 6 p.  
650 |a SOLIDARIDAD  
700 |a Márquez, Israel  
999 |c 2312  |d 2312